00430nam a22001697a 4500003000500000005001700005008004100022020001800063040000600081082001400087100003400101245003400135250000800169260003400177300001500211650003400226CEME20210628205209.0210204b xxu||||| |||| 00| 0 eng d a81-203-1132-9 c. a621 BUR'M aCheatham, J. B Burr, Arther H aMechanical analysis of design a2ND aNEWDELHIbPRENTICE HALLc1997 aXXIX, 882P aMECHANICAL ANALYSIS OF DESIGN